| 000 | 00723cab a2200241 4500 | ||
|---|---|---|---|
| 001 | ABS56652 | ||
| 008 | 090401t1996 xxu||||| |||| 00| 0 eng d | ||
| 035 | _a(Sirsi) u25065 | ||
| 041 | _aeng | ||
| 100 | _aCockshaw, A. | ||
| 245 | _aQuality in the urban environment | ||
| 260 | _c1996 | ||
| 350 | _a0 | ||
| 490 |
_aBuilt Environment _v22 (4) November 1996, 278-282(3) |
||
| 520 | _aUses the example of Hulme in Manchester to show that it is possible to to create a high quality urban environment that people want to live and work in. | ||
| 650 | _aHULME | ||
| 650 | _aMANCHESTER | ||
| 650 | _aSOCIAL HOUSING | ||
| 650 | _aURBAN REGENERATION | ||
| 690 | _aURBAN RENEWAL | ||
| 942 | _n0 | ||
| 948 | _c04/03/1997 | ||
| 999 |
_c16812 _d16812 |
||